000 00301nam a22001337a 4500
008 170511b xxu||||| |||| 00| 0 eng d
020 _a9780534535056
041 _aeng
080 _23RD
_a343.9
100 _a15
101 _aSHJ
245 _aCRIMINAL LAW & PROCEDURE
_cSCHEB, J.M
942 _2udc
_cBK
999 _c13114
_d13114